00829cam a22002291 4500001001300000003000400013005001700017008004100034010001700075035001900092040005500111042001200166050001600178100005500194245011200249260005000361300001800411490004600429600006100475830004600536999001700582e 22000354 DLC20260227111213.0761118s1921 enk 000 0 eng c ae 22000354  a(OCoLC)2567177 aU.S. Off. of Educ. LibrarycMiDWdOCoLCdNcGUdDLC apremarc00aPQ6352b.G71 aGrierson, Herbert John Clifford,cSir,d1866-1960.10aDon Quixote,bsome war-time reflections on its character and influence,cby Herbert J. C. Grierson, L.L. D. a[Oxford,bThe Oxford University Press]c1921. a22 p.c25 cm.1 aThe English Association. Pamphletvno. 4820aCervantes Saavedra, Miguel de,d1547-1616.tDon Quixote. 0aPamphlet (English Association) ;vno. 48. c20523d20523